000 00731nam a22002177a 4500
003 KPN
005 20251022124015.0
008 250526b 00| 0 my d
020 _a9780473141509
_qpaperback
040 _cKPN
082 _223
_a808.882 HE 2008
090 _a808.882 HE 2008
_bHE
245 _aHe Who Laughs Lasts !
_cedited & compiled by David Tong with Cheryl Tong
260 _aAuckland:
_bThe right connection,
_c2008
300 _a226 pages;
_c21 cm
500 _aContain jokes that depict the lifestyles of Malaysians. A sequel to Laughter, the Best Malaysian.
650 _2Malaysian wit and humor (English)
700 _aTong, David
_eeditor and compiler
700 _aTong, Cheryl
_eeditor and compiler
942 _2ddc
_c1
_n0
999 _c1648
_d1648